The miracle planet / (Record no. 1189)

MARC details
000 -LEADER
fixed length control field 00786cam a2200265 a 4500
005 - DATE AND TIME OF LATEST TRANSACTION
control field 20260322212050.0
008 - FIXED-LENGTH DATA ELEMENTS--GENERAL INFORMATION
fixed length control field data
010 ## - LIBRARY OF CONGRESS CONTROL NUMBER
LC control number 89023825
020 ## - INTERNATIONAL STANDARD BOOK NUMBER
International Standard Book Number 0831759992
020 ## - INTERNATIONAL STANDARD BOOK NUMBER
International Standard Book Number 9780831759995
040 ## - CATALOGING SOURCE
Original cataloging agency DLC
Transcribing agency DLC
Modifying agency DLC
050 00 - LIBRARY OF CONGRESS CALL NUMBER
Classification number QE501
Item number .B818 1990
082 00 - DEWEY DECIMAL CLASSIFICATION NUMBER
Classification number 550
Edition information 20
092 ## - LOCALLY ASSIGNED DEWEY CALL NUMBER (OCLC)
Classification number 550 B818 1990
001 - CONTROL NUMBER
control field data
100 1# - MAIN ENTRY--PERSONAL NAME
Personal name Brown, Bruce,
Dates associated with a name 1950-
245 14 - TITLE STATEMENT
Title The miracle planet /
Statement of responsibility, etc. Bruce Brown & Lane Morgan.
260 ## - PUBLICATION, DISTRIBUTION, ETC.
Place of publication, distribution, etc. New York City :
Name of publisher, distributor, etc. Gallery Books,
Date of publication, distribution, etc. [1990]
300 ## - PHYSICAL DESCRIPTION
Extent xi, 257 p. :
Other physical details col. ill. ;
Dimensions 32 cm.
500 ## - GENERAL NOTE
General note "Based on the acclaimed PBS television series."--Jkt.
504 ## - BIBLIOGRAPHY, ETC. NOTE
Bibliography, etc. note Includes bibliographical references (p. 242-249) and index.
651 #0 - SUBJECT ADDED ENTRY--GEOGRAPHIC NAME
Geographic name Earth.
700 1# - ADDED ENTRY--PERSONAL NAME
Personal name Morgan, Lane,
Dates associated with a name 1949-
730 0# - ADDED ENTRY--UNIFORM TITLE
Uniform title Miracle planet (Television program)
Holdings
Withdrawn status Lost status Damaged status Not for loan Home library Current library Shelving location Date acquired Total checkouts Full call number Barcode Date last seen Price effective from Koha item type
        Franklin Franklin General stacks 22/03/2026   550 20 BC0011228 22/03/2026 22/03/2026 Books